000 01304naa a22002897a 4500
001 BR8802152
003 BR-BrBNA
005 20240918180001.0
007 ta
008 230509b bl.||||| |||| 00| 0 por d
040 _aBR-BrBNA
_bpor
_cBiblioteca Nacional de Agricultura
041 _a(Pt)
072 _aF03
_b3000
_b3575
090 _aF03 BR8802152
100 1 _aBarbosa, J.M.
100 1 _aAguiar, F.F.A.
111 1 _a4. Congresso Brasileiro de Floricultura e Plantas Ornamentais
_cRio de Janeiro, RJ (Brazil)
_d3-8 Oct 1983
245 1 _aRecomendacoes de substratos ideais para germinacao de sementes de seis especies arboreas e ornamentais
260 3 _aBrasilia, DF (Brasil):
_bEmpresa Brasileira de Pesquisa Agropcuaria, Departamento de Difusao de Tecnologia,
_c1984.
500 _aAnais do 4. Congresso Brasileiro de Floricultura e Plantas Ornamentais Brasilia, DF (Brasil): Empresa Brasileira de Pesquisa Agropcuaria, Departamento de Difusao de Tecnologia, 1984. p. 143-150 (BR8802152-AM)F03
650 _aARVORE ORNAMENTAL
650 _aSEMENTE
650 _aGERMINACAO
773 0 _tAnais do 4. Congresso Brasileiro de Floricultura e Plantas Ornamentais
_wF03 BR8802152
_gBrasilia, DF (Brasil), 1984. p. 143-150
909 _a202404
_bLucia
_c55
_dLucia Elande
942 _cAM
_2AGRIS
999 _c319115
_d319115